01241nam a2200217Ia 4500008004100000020001500041041001200056082001100068100001800079245006600097250000800163260002500171300001000196650000800206942000700214999001500221952019700236952019700433952019700630952019600827221030s9999 xx 000 0 und d a0070601704 aEnglish a105.23 aT. Veerarajan 0aProbability , Statistics & Random Processescby T. Veerarajan a2nd bTMHaNew Delhic2009 a10.35 aECE cBK c8975d8975 pBE 10651g225.00i83l0o105.23 eDurga Books, Amritsarr2024-06-13 00:00:00w2022-10-30yBK003Print4070aMIETLIBbMIETLIBcBL-Academic Block A, FL-1, CUP-121, SH-1, R-1d2010-03-1210HBE pBE 10652g225.00i83l0o105.23 eDurga Books, Amritsarr2024-06-13 00:00:00w2022-10-30yBK003Print4070aMIETLIBbMIETLIBcBL-Academic Block A, FL-1, CUP-121, SH-1, R-1d2010-03-1210HBE pBE 10653g225.00i83l0o105.23 eDurga Books, Amritsarr2024-06-13 00:00:00w2022-10-30yBK003Print4070aMIETLIBbMIETLIBcBL-Academic Block A, FL-1, CUP-121, SH-1, R-1d2010-03-1210HBE pBE 10654g225.00i83l0o105.23 eDurga Books, Amritsarr2024-06-13 00:00:00w2022-10-30yBK003Print4070aMIETLIBbMIETLIBcBL-Academic Block A, FL-1, CUP-51, SH-1, R-1d2010-03-1210HBE